[Event "It (open)"]
[Site "masterchessopen.com Port Erin (England)"]
[Date "2007.09.26"]
[Round "5"]
[White "Georgiev Vladimir (MKD)"]
[Black "Efimenko Zahar (UKR)"]
[Result "0-1"]
[WhiteElo "2576"]
[BlackElo "2624"]

{ Georgiev Vladimir (MKD) +2 =0 -0 } 1.d4 e6 2.c4 Nf6 3.Nc3 Bb4 4.e3 O-O 5.a3
Bxc3+ 6.bxc3 c5 7.Bd3 Nc6 { ?/= } 8.e4 ( 8.Ne2 e5 9.O-O d6 10.Ng3 Re8 11.d5
Ne7 12.e4 Ng6 13.f3 Nf4 14.Bc2 g5 15.Be3 h6 16.Qd2 Rb8 17.Kh1 Kh8 18.Nf5 Bxf5
19.exf5 N4h5 20.Bxg5 hxg5 21.Qxg5 Ng7 22.Qh6+ Kg8 23.g4 Nh7 24.f6 Nxf6 25.g5
Nfh5 26.f4 exf4 27.Rae1 Re3 { ...1-0, Georgiev Vladimir 2525 - Kraemer Martin
2433 , Neuhausen 7. 6.2007 It "Baden Challenge III" } ) ( 8.Nf3 d6 9.e4 h6
10.h3 e5 11.d5 Ne7 12.Nd2 Nh7 13.g4 Ng6 14.Nf1 Nf4 15.Qf3 Qf6 16.Bc2 Nxd5
17.Qxf6 Ndxf6 18.f3 Ng5 19.Kf2 Kh7 20.Ne3 g6 21.a4 b6 22.a5 bxa5 23.Rxa5 Ne6
24.Rd1 Rd8 25.h4 Kg7 26.Bd2 Nf4 27.Rda1 Rd7 { ...1/2-1/2, Salov Valery 2680 -
Topalov Veselin 2745 , Madrid 1997 It (cat.17) } ) 8...d5 { -0.04 CAP N } (
8...cxd4 9.cxd4 Nxd4 ( 9...d5 10.e5 dxc4 11.Bxc4 Ne4 12.Be3 Qa5+ 13.Kf1 Rd8
14.Nf3 h6 15.Qd3 Qc3 16.Rc1 Qxd3+ 17.Bxd3 Ng5 18.Nxg5 hxg5 19.Ke2 Nxd4+
20.Bxd4 Rxd4 21.Rhd1 Kf8 22.Ke3 Rd5 23.Be4 Rxd1 24.Rxd1 Ke7 25.Rc1 Kd8 26.Kd4
Rb8 27.Rc3 b5 28.Kc5 { ...1/2-1/2, Gonda Laszlo 2447 - Banusz Tamas 2480 ,
Balatonlelle 3. 7.2006 Cup Balazs-Diak (juniors) (under 18) } ) 10.e5 Ne8
11.Bb2 Nc6 12.Nf3 d6 13.O-O dxe5 14.Nxe5 Qe7 15.a4 Nxe5 16.Bxe5 f6 17.Bb2 Qc7
18.Re1 Bd7 19.Re3 e5 20.Qc2 g6 21.Be4 Ng7 22.Ba3 Rf7 23.Bd5 Be6 24.Qb3 Re8
25.Rb1 Nf5 26.Rd3 Nd4 27.Qb2 Bxd5 28.cxd5 { ...0-1, Lomineishvili Maia 2350 -
Yakovich Yuri 2610 , Smolensk 1997 Cup Russia (open) } ) ( 8...Ne8 9.e5 d6
10.Nf3 f5 11.exf6 Nxf6 12.O-O e5 13.dxe5 Nxe5 14.Nxe5 dxe5 15.Bg5 Qc7 16.Bxf6
Rxf6 17.Be4 Be6 18.Rb1 Rb8 19.Bd5 b6 20.Bxe6+ Rxe6 21.Qd5 Qf7 22.f3 Rbe8
23.Rbd1 Rf6 24.Rfe1 h6 25.Re4 Kh7 26.Rde1 Qg6 27.Kf2 Rd6 28.Qb7 { ...1-0,
Cossin Sebastien 2395 - Inkiov Ventzislav 2496 , Rosny Sous Bois 2003 It
(cat.4) } ) ( 8...e5 9.d5 Ne7 10.Ne2 d6 11.Ng3 h6 12.O-O Re8 13.f3 Bd7 14.Be3
Rb8 15.a4 Rf8 16.Kh1 b6 17.Ra2 Qe8 18.Rg1 Kh8 19.Nf1 Nh7 20.g4 f6 21.h4 Ng6
22.g5 fxg5 23.hxg5 Nf4 24.gxh6 gxh6 25.Bxf4 Rxf4 26.Rg3 Rh4+ 27.Rh2 Qh5 28.Be2
{ ...0-1, De Souza NC - Miranda Marcio M C 2285 , Vitoria 1998 It (open) } ) (
8...d6 9.Ne2 e5 10.O-O Re8 11.d5 Ne7 12.f3 Ng6 13.Be3 Nd7 14.Qc2 Rf8 15.g3 Nb6
16.Rf2 Bd7 17.Rb1 Ne7 18.f4 exf4 19.gxf4 Ng6 20.Ng3 Ba4 21.Qe2 Nd7 22.Kh1 b6
23.Rg1 Kh8 24.Nh5 Rg8 25.Rfg2 Nf6 26.Rg3 Nxh5 27.Qxh5 Qf6 28.e5 { ...1-0,
Zaiatz Elena 2240 - Stubenrauch Stev 2137 , Las Vegas 1997 It (open) } ) (
8...b6 9.Bg5 h6 10.Bh4 e5 11.d5 Nb8 12.Qf3 g5 13.Bg3 d6 14.h4 Bg4 15.Qe3 Nh5
16.hxg5 hxg5 17.Be2 Nf4 18.Bxf4 exf4 19.Qd3 Bxe2 20.Qh3 { 1-0, Ivanov Igor V
2424 - Browne Walter S 2535 , Las Vegas 1994 It "North American Open" } )
9.cxd5 exd5 10.e5 Ne4 11.Ne2 Bg4 12.Bb2 cxd4 13.cxd4 Qb6 14.Bxe4 dxe4 15.Bc3
Rfd8 16.Qb1 Qxb1+ 17.Rxb1 b6 18.h3 Bxe2 19.Kxe2 Nxd4+ 20.Ke3 Nc2+ 21.Kxe4 Rac8
22.Rhd1 { ? } ( 22.Bb2 Rd2 23.Rhf1 Rc4+ 24.Kf3 Rd3+ 25.Ke2 Rb3 26.Rfc1 h5
27.a4 Na3 28.Bxa3 Re4+ 29.Kd2 { } ) 22...Rc4+ 23.Kf5 g6+ 24.Kf6 Re8 25.Bd2
Re6+ 26.Kg5 Rxe5+ 27.Kf6 Re6+ { } {#R} 0-1

[Event "Ch Paulista"]
[Site "masterchessopen.com Americana (Brazil)"]
[Date "2007.10.12"]
[Round "2"]
[White "Rodrigo Edson (BRA)"]
[Black "Gazel Cohen Pereira Frederico"]
[Result "0-1"]
[WhiteElo "1962"]
[BlackElo "2250"]

1.d4 Nf6 2.c4 e6 3.Nc3 Bb4 4.e3 O-O 5.Bd3 c5 6.a3 Bxc3+ 7.bxc3 Nc6 8.Ne2 b6
9.e4 Ne8 10.O-O f5 11.Be3 d6 12.exf5 exf5 13.Nf4 Na5 14.Qf3 Nc7 15.Rad1 Bb7
16.Qh3 Qf6 17.Nh5 Qf7 18.Bf4 Ne8 19.Rfe1 Nxc4 20.Bg5 Nb2 21.Be7 Nxd1 22.Bxf8
Qxf8 23.Rxd1 g6 24.Nf4 Nf6 25.dxc5 d5 26.cxb6 axb6 27.Qe3 Qc5 28.Qe5 Qxf2+
29.Kh1 Ng4 30.Qe6+ Kh8 31.Rf1 Qe3 32.Qf7 Nf2+ 33.Rxf2 Qxf2 34.Qf6+ Kg8 35.Qe6+
Kg7 36.Qe5+ Kh6 37.h3 Rxa3 38.Be2 Qe1+ 39.Kh2 Qxc3 {#R} 0-1

[Event "Tournament (Elo)"]
[Site "masterchessopen.com Sao Bernardo (Brazil)"]
[Date "2007.11.03"]
[Round "3"]
[White "Rodrigo Edson (BRA)"]
[Black "Zampronha Wladimir Camilo (BRA)"]
[Result "0-1"]
[WhiteElo "1962"]
[BlackElo "2143"]

1.d4 Nf6 2.c4 e6 3.Nc3 Bb4 4.e3 O-O 5.Bd3 c5 6.a3 Bxc3+ 7.bxc3 Nc6 8.Ne2 b6
9.e4 Ne8 10.O-O Ba6 11.Be3 Nd6 12.dxc5 Nxc4 13.Bxc4 Bxc4 14.Re1 bxc5 15.Qd6
Qa5 16.Bxc5 Bxe2 17.Rxe2 Qxc3 18.Ree1 Rfd8 19.f4 Rab8 20.Rec1 Qb3 21.Re1 Qa4
22.Re2 Qc4 23.Rae1 Rb3 24.Rd2 Rc3 25.Qxc6 Qxc5+ 26.Qxc5 Rxc5 27.Rb1 Kf8 28.Rb4
Ra5 29.a4 Ke7 30.Kf2 d6 31.Rc2 Rd7 32.Ke3 f6 33.g4 h6 34.h4 Rc5 35.Rd2 Rdc7
36.g5 hxg5 {#R} 0-1

[Event "Tournament (Elo)"]
[Site "masterchessopen.com Sao Bernardo (Brazil)"]
[Date "2007.11.04"]
[Round "5"]
[White "Mendes Diego Silva (BRA)"]
[Black "Diniz Paulo Nobile (BRA)"]
[Result "1-0"]
[WhiteElo "2062"]
[BlackElo "1805"]

1.d4 Nf6 2.c4 e6 3.Nc3 Bb4 4.e3 O-O 5.Bd3 c5 6.a3 Bxc3+ 7.bxc3 Nc6 8.Ne2 cxd4
9.cxd4 d5 10.O-O b6 11.f3 Bb7 12.cxd5 exd5 13.Nf4 Re8 14.Re1 Ne7 15.Bb2 Ng6
16.Bb5 Re7 17.Nd3 a6 18.Ba4 Rc8 19.Qd2 Rec7 20.Nf2 Re7 21.Bc2 b5 22.Bf5 Rcc7
23.Bc3 Rc4 24.Bd3 Rc8 25.Rac1 Nf8 26.e4 Qe8 27.e5 N6d7 28.Bf5 g6 29.Bh3 f5
30.exf6 Rxe1+ 31.Rxe1 Qf7 32.Be6 Nxe6 33.Ng4 Kh8 34.Ne5 Nxe5 35.dxe5 Rc4
36.Bb4 d4 37.Bd6 Qd7 38.Qa5 d3 39.Rd1 Rd4 40.Qc3 Kg8 41.Rxd3 Rxd3 42.Qxd3 Qc6
43.Qe3 Qd7 44.h4 Qf7 45.Qa7 Bc8 46.Be7 Qe8 47.h5 g5 48.Qe3 Qd7 49.Qe2 Qc6
50.Qd3 Qc1+ {#r} 1-0

[Event "Tournament (Elo)"]
[Site "masterchessopen.com Sao Bernardo (Brazil)"]
[Date "2007.11.06"]
[Round "8"]
[White "Da Silva Tiago Henrique (BRA)"]
[Black "Diniz Paulo Nobile (BRA)"]
[Result "1-0"]
[WhiteElo "2096"]
[BlackElo "1805"]

1.d4 Nf6 2.c4 e6 3.Nc3 Bb4 4.e3 O-O 5.a3 Bxc3+ 6.bxc3 c5 7.Bd3 Nc6 8.Ne2 b6
9.e4 Ne8 10.d5 Ne5 11.f4 Nxd3+ 12.Qxd3 d6 13.O-O e5 14.fxe5 dxe5 15.Ng3 Qd6
16.Bg5 h6 17.Bd2 Bg4 18.Rf2 Qg6 19.h3 Bd7 20.Nf5 Bxf5 21.Rxf5 Nd6 22.Rxe5 Rfe8
23.Bf4 Rxe5 24.Bxe5 Qxe4 25.Qxe4 Nxe4 26.Re1 Re8 27.Rxe4 f6 28.Kf2 fxe5 29.Ke3
Kf7 30.Rg4 g6 31.Kf2 Kf6 32.Rg3 Kf7 33.Rf3+ Kg7 34.g4 Kg8 35.h4 Kg7 36.h5 gxh5
37.gxh5 Re7 38.Rf5 Re8 39.Ke3 {#r} 1-0

[Event "Memorial Baharov (open)"]
[Site "masterchessopen.com Sofia (Bulgaria)"]
[Date "2007.11.28"]
[Round "2"]
[White "Amerkeshev Madiyar (KAZ)"]
[Black "Nikolov Sasho (BUL)"]
[Result "0-1"]
[WhiteElo "2157"]
[BlackElo "2409"]

1.d4 Nf6 2.c4 e6 3.Nc3 Bb4 4.e3 O-O 5.Bd3 c5 6.a3 Bxc3+ 7.bxc3 Nc6 8.Ne2 b6
9.e4 Ne8 10.O-O Ba6 11.f4 f5 12.e5 Na5 13.dxc5 Qc8 14.Be3 Nxc4 15.Bxc4 Bxc4
16.cxb6 axb6 17.Rf2 Qc6 18.Bd4 Nc7 19.Ng3 Ra6 20.Qh5 Nb5 21.Qg5 d6 22.Nh5 Ra7
23.Rf3 Nxd4 24.cxd4 Be2 25.Rh3 Qe4 26.Kh1 Qxd4 27.Rg1 dxe5 28.fxe5 Qxe5 29.Re3
Qb2 30.Rxe6 Bxh5 31.Qxh5 Rxa3 32.Re8 Qf6 33.Rxf8+ Qxf8 34.Rf1 Ra7 35.h3 Rf7
36.Qf3 h6 37.Ra1 Kh7 38.Qd5 Rf6 39.Ra8 Rd6 40.Qf3 Qf6 41.Qb3 Qe6 42.Qb1 Qe4
43.Qa1 Rd2 {#R} 0-1

[Event "It (open)"]
[Site "masterchessopen.com Ascona (Switzerland)"]
[Date "2007.12.03"]
[Round "1"]
[White "Foisor Sabina-Francesca (USA)"]
[Black "Gagliardi Christian (ITA)"]
[Result "1-0"]
[WhiteElo "2359"]
[BlackElo "2184"]

1.d4 Nf6 2.c4 e6 3.Nc3 Bb4 4.a3 Bxc3+ 5.bxc3 c5 6.e3 O-O 7.Bd3 Nc6 8.Ne2 d6
9.O-O b6 10.e4 e5 11.d5 Na5 12.Ng3 Qc7 13.Ra2 Ne8 14.f4 f6 15.Nh1 Qd7 16.a4
Rf7 17.f5 g5 18.fxg6 hxg6 19.Rf3 Rh7 20.Rg3 Qg7 21.Nf2 Kf7 22.Ng4 Qh8 23.h3 f5
24.exf5 gxf5 25.Rf2 Ng7 26.Ne3 Rh5 27.Rxg7+ Kxg7 28.Bxf5 Bxf5 29.Nxf5+ {#r}
1-0

[Event "It (cat.1)"]
[Site "masterchessopen.com Budapest (Hungary)"]
[Date "2007.12.08"]
[Round "8"]
[White "Vegh Endre (HUN)"]
[Black "Lenz Alarich (AUT)"]
[Result "1-0"]
[WhiteElo "2303"]
[BlackElo "2227"]

1.d4 Nf6 2.c4 e6 3.Nc3 Bb4 4.a3 Bxc3+ 5.bxc3 c5 6.e3 O-O 7.Bd3 Nc6 8.Ne2 b6
9.Ng3 Ne8 10.O-O f5 11.e4 d6 12.exf5 exf5 13.Qf3 Bd7 14.Bxf5 Bxf5 15.Nxf5 Qd7
16.Qxc6 {#r} 1-0

[Event "Tournament (Elo) \"]
[Site "masterchessopen.com Uljanovsk (Russia)"]
[Date "2007.12.22"]
[Round "2"]
[White "Pirogov Vladislav (RUS)"]
[Black "Sanatullin Rinat (RUS)"]
[Result "0-1"]
[WhiteElo "1693"]
[BlackElo "2203"]

1.d4 Nf6 2.c4 e6 3.Nc3 Bb4 4.a3 Bxc3+ 5.bxc3 c5 6.e3 O-O 7.Bd3 Nc6 8.d5 Na5
9.Nf3 b6 10.O-O Ba6 11.dxe6 dxe6 12.Ne5 Qc7 13.f4 Rad8 14.Qf3 Nd7 15.Qh5 g6
16.Qh6 Nxe5 17.fxe5 Rxd3 18.Rf6 Qxe5 {#R} 0-1

[Event "Bayern Regionalliga Northwest 2007/08"]
[Site "masterchessopen.com Bayern (Germany)"]
[Date "2008.02.17"]
[Round "6"]
[White "Eckert Leo"]
[Black "Becker Alexander (GER)"]
[Result "0-1"]
[WhiteElo "1893"]
[BlackElo "1937"]

1.d4 Nf6 2.c4 e6 3.Nc3 Bb4 4.a3 Bxc3+ 5.bxc3 c5 6.e3 O-O 7.Bd3 Nc6 8.Nf3 d6
9.O-O e5 10.d5 Na5 11.Nd2 Re8 12.e4 b6 13.Nb3 Nxb3 14.Qxb3 Nh5 15.Re1 Nf4
16.Bf1 Qg5 17.Ra2 h5 18.Kh1 Qf6 19.Qd1 Bg4 20.f3 Bd7 21.g3 Nh3 22.Be3 g6
23.Be2 Kg7 24.Qc1 Rh8 25.Kg2 Rae8 26.a4 g5 27.Rf1 Qg6 28.a5 g4 29.axb6 axb6
30.Ra7 Bc8 31.Qb1 gxf3+ 32.Rxf3 Ref8 33.Bd3 h4 34.Qc1 Bg4 35.Rf1 hxg3 36.hxg3
Qh5 37.Qe1 Nf4+ 38.gxf4 Qh2# 0-1

[Event "Hessenliga 2007/08"]
[Site "masterchessopen.com Hessen (Germany)"]
[Date "2008.03.30"]
[Round "8"]
[White "Uwira Oliver (GER)"]
[Black "Legde Georg (GER)"]
[Result "0-1"]
[WhiteElo "2302"]
[BlackElo "2347"]

1.d4 Nf6 2.c4 e6 3.Nc3 Bb4 4.a3 Bxc3+ 5.bxc3 c5 6.e3 O-O 7.Bd3 Nc6 8.Ne2 e5
9.O-O d6 10.Ng3 h6 11.d5 Ne7 12.f4 exf4 13.exf4 Ng6 14.Qc2 Bd7 15.a4 Qa5
16.Bd2 Rae8 17.Rfb1 Qc7 18.h3 Bc8 19.Rf1 Qd8 20.Rae1 Bd7 21.Bxg6 fxg6 22.Qxg6
Kh8 23.Qd3 Qa5 24.f5 Rxe1 25.Rxe1 Re8 26.Re6 Bxe6 27.fxe6 Qxa4 28.Bf4 b5
29.Bxh6 gxh6 30.Qg6 Qa1+ 31.Kh2 Qxc3 32.Nf5 Qe5+ 33.Kg1 Qe1+ 34.Kh2 Qe5+
35.Kg1 Rg8 36.Qxh6+ Nh7 37.g4 bxc4 38.Ne7 Qg3+ 39.Kh1 Qf3+ 40.Kg1 Qf6 41.Nxg8
Qxh6 42.Nxh6 c3 43.Nf7+ Kg8 44.Nh6+ Kf8 45.e7+ Ke8 {#R} 0-1

[Event "It (cat.10)"]
[Site "masterchessopen.com Gyumri (Armenia)"]
[Date "2008.04.25"]
[Round "1"]
[White "Kalashian David (ARM)"]
[Black "Pashikian Arman (ARM)"]
[Result "0-1"]
[WhiteElo "2415"]
[BlackElo "2611"]

{ } 1.d4 Nf6 2.c4 e6 3.Nc3 Bb4 4.e3 O-O 5.Bd3 c5 6.a3 Bxc3+ 7.bxc3 Nc6 8.Nf3
d6 { ?/= } 9.O-O ( 9.e4 h6 10.h3 e5 11.d5 Ne7 12.Nd2 Nh7 13.g4 Ng6 14.Nf1 Nf4
15.Qf3 Qf6 16.Bc2 Nxd5 17.Qxf6 Ndxf6 18.f3 Ng5 19.Kf2 Kh7 20.Ne3 g6 21.a4 b6
22.a5 bxa5 23.Rxa5 Ne6 24.Rd1 Rd8 25.h4 Kg7 26.Bd2 Nf4 27.Rda1 Rd7 28.Ba4 Rc7
{ ...1/2-1/2, Salov Valery 2680 - Topalov Veselin 2745 , Madrid 1997 It
(cat.17) } ) 9...e5 10.d5 e4 ( 10...Ne7 11.Nd2 Ne8 12.f4 f5 13.fxe5 dxe5 14.e4
f4 15.Be2 g5 16.Bg4 Nf6 17.Bxc8 Nxc8 18.a4 Nd6 19.Re1 Qe8 20.Qe2 Qg6 21.Kh1 g4
22.Ba3 Rac8 23.Qd3 Rf7 24.Re2 Nh5 25.Ree1 Qh6 26.Nf1 g3 27.h3 f3 28.Ra2 f2
29.Re3 Rg7 30.Rf3 { ...0-1, Piva Giorgio 2163 - Mariotti Sergio 2395 ,
Montecatini Terme 1997 It (open) } ) ( 10...Na5 11.e4 h6 12.Ne1 Qe7 13.Ra2 Bd7
14.h3 b5 15.cxb5 c4 16.Qa4 Qd8 17.Bxc4 Nxe4 18.Qb4 Nxc3 19.Rc2 Nxc4 20.Rxc3
Nb6 21.Qb3 Rc8 22.Rg3 Rxc1 23.Qe3 Rc4 24.Qxh6 Rg4 { 0-1, Mester Gyula 2410 -
Bernei Andras 2286 , Hungary 16. 2.2003 Ch Hungary (team) 2002/03 } ) 11.dxc6
bxc6 12.Be2 exf3 13.Bxf3 Qc7 ( 13...d5 14.Qa4 Qb6 15.Rd1 Qa6 16.Qxa6 Bxa6
17.cxd5 cxd5 18.Bxd5 Nxd5 19.Rxd5 Rfd8 20.e4 Rxd5 { 1/2-1/2, Golubjatnikov
Vitaliy - Pakhteev Yury 2316 , Kimry 2004 Ch City } ) 14.e4 Nd7 15.Bf4 Ne5 {
+0.00 CAP } 16.Bxe5 { N } ( 16.Qe2 Be6 17.Bxe5 dxe5 18.Bg4 Qe7 19.Bxe6 Qxe6
20.f4 exf4 21.Rxf4 Rfd8 22.Rf5 Qe7 23.Qe3 Rab8 24.Rxc5 Rb2 25.Rxc6 Qd7 26.Qd4
Qe7 27.Qc5 Qxe4 28.Qd5 Rxg2+ 29.Kh1 Rxh2+ 30.Kxh2 Qh4+ 31.Kg1 Rxd5 32.cxd5
Qg3+ 33.Kh1 h5 34.Ra2 Qf3+ 35.Rg2 Qxd5 { ...0-1, Vanderhelstraete L - Rotman
Daniel 2362 , Warsaw 1991 Ch World (juniors) } ) ( 16.Be2 Rb8 17.Qd2 Be6
18.Rfd1 Rfd8 19.Qe3 f6 20.Qg3 Rb2 21.Bf1 Rdb8 22.Bxe5 dxe5 23.Qd3 Qe7 24.Rd2
Rb1 25.Rxb1 { 1-0, Van Nordern Herman - Kaufmann Michael, Internet 1996 } )
16...dxe5 17.Qa4 g6 18.Rab1 Be6 19.Rb2 Rab8 20.Rfb1 Rxb2 21.Rxb2 Rd8 22.h3 h5
23.Qa6 Bc8 24.Qa4 Kh7 25.Be2 Rd6 26.Qc2 Qa5 27.Rb8 Qc7 28.Rb1 Qd8 29.Rd1 Rxd1+
30.Qxd1 Qg5 31.Kf1 Qf4 32.Bd3 Qh2 33.Qf3 Be6 34.Ke2 Qg1 35.Qg3 a5 36.a4 { ?! }
( 36.f3 { !? } 36...a4 37.Qf2 Qc1 38.Qxc5 Qxc3 39.g4 Kh6 40.gxh5 Qb2+ 41.Kd1
Kxh5 42.f4 Bxh3 { } ) 36...Qa1 37.Qxe5 Qxa4 38.Qxc5 Qa2+ 39.Ke3 a4 40.Qg5 Qb2
41.Qf6 a3 42.f4 a2 43.f5 Qb6+ 44.Kf3 a1=Q 45.fxe6 Qaa7 { } {#R} 0-1

[Event "It (open)"]
[Site "masterchessopen.com Wroclaw (Poland)"]
[Date "2008.06.25"]
[Round "7"]
[White "Ipatov Alexander (ESP)"]
[Black "Matuszewski Michal (POL)"]
[Result "1-0"]
[WhiteElo "2472"]
[BlackElo "2266"]

1.d4 Nf6 2.c4 e6 3.Nc3 Bb4 4.e3 c5 5.a3 Bxc3+ 6.bxc3 Nc6 7.Bd3 O-O 8.Ne2 b6
9.e4 Ne8 10.e5 Ba6 11.Qa4 Na5 12.dxc5 bxc5 13.Bf4 d5 14.exd6 Bc8 15.Rd1 Bd7
16.Qc2 f5 17.Be5 Nc6 18.f4 Qh4+ 19.g3 Qh5 20.O-O Nf6 21.Bxf6 Rxf6 22.Nc1 g5
23.Be2 Qh6 24.Nd3 gxf4 25.gxf4 e5 26.Kh1 e4 27.Nxc5 Rd8 28.Nxd7 Rxd7 29.c5 Rg7
30.Bc4+ Kh8 31.Qf2 Qh3 32.Rg1 Rfg6 33.Rxg6 Rxg6 34.d7 Nd8 35.c6 {#r} 1-0

[Event "Ch Greece (juniors) (under 16)"]
[Site "masterchessopen.com Kallithea (Greece)"]
[Date "2008.06.28"]
[Round "1"]
[White "Kasidonis Antonios (GRE)"]
[Black "Homatidis Panagiotis (GRE)"]
[Result "0-1"]
[WhiteElo "1703"]
[BlackElo "2092"]

1.d4 Nf6 2.c4 e6 3.Nc3 Bb4 4.e3 O-O 5.a3 Bxc3+ 6.bxc3 c5 7.Bd3 Nc6 8.Ne2 b6
9.O-O Ba6 10.Ng3 Na5 11.Qe2 Rc8 12.d5 exd5 13.cxd5 c4 14.Be4 Nxe4 15.Nxe4 Qe7
16.Nd2 Qe5 17.Bb2 Qxd5 18.Rfd1 Qe6 19.e4 d5 20.Rac1 Rfe8 21.f3 Bb7 22.Re1 dxe4
23.fxe4 f5 24.e5 Rc5 25.Nf3 Bxf3 26.Qxf3 Rxe5 27.Rxe5 Qxe5 28.Rf1 Qc5+ 29.Qf2
Qxf2+ 30.Rxf2 Re5 31.Rd2 Nb3 32.Rd8+ Kf7 33.Rd7+ Kf6 34.Rxa7 Re1+ 35.Kf2 Rb1
36.Ba1 Rxa1 37.Ra6 Kg5 38.Rxb6 Rxa3 39.Rb4 Nc5 40.Rxc4 Ne4+ 41.Rxe4 fxe4
42.Ke1 {#R} 0-1

[Event "It (open)"]
[Site "masterchessopen.com Stobrec (Croatia)"]
[Date "2008.08.01"]
[Round "6"]
[White "Simovic Mladen (CRO)"]
[Black "Milosavljevic Jovan (CRO)"]
[Result "0-1"]
[WhiteElo "1859"]
[BlackElo "2082"]

1.d4 Nf6 2.c4 e6 3.Nc3 Bb4 4.a3 Bxc3+ 5.bxc3 c5 6.e3 O-O 7.Bd3 Nc6 8.Nf3 b6
9.e4 d6 10.Bg5 e5 11.d5 Na5 12.h3 Ba6 13.Nd2 h6 14.Bh4 g5 15.Bg3 Kg7 16.O-O
Qd7 17.a4 Rh8 18.Re1 Rag8 19.Re3 Nh7 20.Bh2 Nf8 21.Qh5 f6 22.Be2 Qf7 23.Qxf7+
Kxf7 24.Kh1 h5 25.Rf1 Ke7 26.Rg1 Ng6 27.g3 Bc8 28.Bf1 Bd7 29.f4 gxf4 30.gxf4
exf4 31.Rf3 Bxa4 32.Rf2 Bc2 33.Be2 Ne5 34.Rxg8 Rxg8 35.Bxh5 Naxc4 36.Rg2 Rxg2
37.Kxg2 {#R} 0-1

[Event "It (open)"]
[Site "masterchessopen.com Kuala Lumpur (Malaysia)"]
[Date "2008.08.23"]
[Round "9"]
[White "Li Ruofan (SIN)"]
[Black "Mas Hafizulhelmi (MAS)"]
[Result "1-0"]
[WhiteElo "2426"]
[BlackElo "2439"]

1.d4 Nf6 2.c4 e6 3.Nc3 Bb4 4.e3 O-O 5.a3 Bxc3+ 6.bxc3 c5 7.Bd3 Nc6 8.Ne2 b6
9.e4 Ne8 10.O-O Ba6 11.f4 f5 12.d5 Na5 13.e5 d6 14.g4 g6 15.gxf5 gxf5 16.Ng3
Ng7 17.Ra2 Kh8 18.Re2 Qd7 19.exd6 Qxd6 20.dxe6 Rae8 21.Rfe1 Re7 22.Qc2 Qc6
23.Bxf5 Nxf5 24.Nxf5 Rxf5 25.Qxf5 Rg7+ 26.Qg5 Rxg5+ 27.fxg5 Bb7 28.e7 Qh1+
29.Kf2 Qg2+ 30.Ke3 Qxg5+ 31.Kf2 Qg2+ 32.Ke3 Qe4+ 33.Kf2 Qf3+ 34.Kg1 Qh1+
35.Kf2 Qg2+ 36.Ke3 Qg6 37.Kf4 Qd6+ 38.Kg5 Qg6+ 39.Kh4 Qe8 40.Rf2 {#r} 1-0

[Event "It (open)"]
[Site "masterchessopen.com Moratalaz (Spain)"]
[Date "2008.09.20"]
[Round "1"]
[White "Merino Araguas Jose Javier (ESP)"]
[Black "Rubio Mejia Luis Ignacio (ESP)"]
[Result "0-1"]
[WhiteElo "1880"]
[BlackElo "2359"]

1.d4 Nf6 2.c4 e6 3.Nc3 Bb4 4.a3 Bxc3+ 5.bxc3 c5 6.e3 O-O 7.Bd3 Nc6 8.Ne2 b6
9.O-O Ba6 10.e4 Ne8 11.f4 f5 12.exf5 exf5 13.Ng3 g6 14.Be3 d6 15.Bf2 Nf6 16.h3
Na5 17.Qa4 Qe8 18.Qc2 Bxc4 19.Bxc4+ Nxc4 20.Rad1 Qf7 21.a4 Nd5 22.Rfe1 Rfe8
23.Qc1 Rxe1+ 24.Rxe1 Re8 25.Re2 Rxe2 26.Nxe2 Nf6 27.Kf1 Qd5 28.Qc2 Ne4 29.Kg1
Nxf2 30.Kxf2 Qxg2+ 31.Kxg2 Ne3+ 32.Kf2 Nxc2 33.dxc5 dxc5 34.Nc1 Na3 35.Nd3 Nc4
{#R} 0-1

[Event "Landesliga Bayern South 2008/09"]
[Site "masterchessopen.com Bayern (Germany)"]
[Date "2008.11.30"]
[Round "3"]
[White "Katzer Joachim"]
[Black "Giss Arthur (GER)"]
[Result "0-1"]
[WhiteElo "1961"]
[BlackElo "1990"]

1.d4 Nf6 2.c4 e6 3.Nc3 Bb4 4.e3 O-O 5.Bd3 c5 6.a3 Bxc3+ 7.bxc3 Nc6 8.Ne2 e5
9.d5 Na5 10.e4 b6 11.f4 Ba6 12.O-O Qc7 13.Ng3 exf4 14.Nf5 Qe5 15.Bxf4 Qxc3
16.e5 Nxd5 17.Qg4 g6 18.cxd5 Bxd3 19.Nh6+ Kh8 20.Qg5 f6 21.exf6 Nc4 22.Rfc1
Qxf6 23.Qxf6+ Rxf6 24.Rxc4 Bxc4 25.Be5 Kg7 26.Ng4 Rf8 27.Rc1 Bd3 28.Re1 h5
29.Nxf6 Rxf6 30.Re3 Bf5 31.d6 Kf7 32.Bxf6 Kxf6 33.Kf2 c4 34.Ke2 b5 35.Kd2 a5
36.Kc3 Bd3 37.Re7 Bf5 38.Kd4 Be6 39.Re8 b4 40.axb4 axb4 41.Rb8 c3 42.Kd3 Bf5+
43.Ke2 c2 44.Kd2 Ke6 45.Rxb4 Kxd6 46.h3 Ke5 47.g4 hxg4 48.hxg4 Be4 49.Rb6 d5
50.g5 Kf5 {#R} 0-1

[Event "It (cat.10)"]
[Site "masterchessopen.com Elgoibar (Spain)"]
[Date "2008.12.13"]
[Round "2"]
[White "Argandona Rivero Inigo (ESP)"]
[Black "Franco Alonso Alejandro (ESP)"]
[Result "0-1"]
[WhiteElo "2385"]
[BlackElo "2490"]

1.d4 Nf6 2.c4 e6 3.Nc3 Bb4 4.a3 Bxc3+ 5.bxc3 c5 6.e3 O-O 7.Bd3 Nc6 8.e4 d5
9.e5 Ne4 10.Ne2 Qa5 11.Qc2 cxd4 12.f3 dxc4 13.Bxe4 d3 14.Qa2 dxe2 15.f4 Qxc3+
16.Kf2 Qd4+ 17.Kf3 Qd1 18.Be3 Qa4 19.Qxe2 Bd7 20.Kf2 Ne7 21.Bc5 Rfe8 22.Rhc1
Bb5 23.Rc3 Ng6 24.Qh5 Bc6 25.Rh3 h6 26.Bxg6 fxg6 27.Qxg6 c3 28.Rg3 Qxf4+
29.Kg1 Qxe5 30.Bb4 Be4 31.Qg4 Bf5 32.Qh5 Rec8 33.Rc1 c2 34.Bd2 Qd4+ 35.Be3 Qd5
36.Bxh6 Rc7 37.Be3 Rd8 38.Qg5 Qd1+ 39.Kf2 Rf7 40.Rf3 Rdd7 41.h3 Bxh3 42.Rxf7
Rxf7+ 43.Kg3 Bf5 44.Qf4 Rf6 45.Qb8+ Kh7 46.Qxa7 Rg6+ 47.Kh2 Be4 48.Qc5 Rxg2+
{#R} 0-1

[Event "It (open)"]
[Site "masterchessopen.com New Delhi (India)"]
[Date "2009.01.11"]
[Round "2"]
[White "Swaraj Palit (IND)"]
[Black "Sharma Dinesh K (IND)"]
[Result "0-1"]
[WhiteElo "2140"]
[BlackElo "2376"]

1.d4 Nf6 2.c4 e6 3.Nc3 Bb4 4.a3 Bxc3+ 5.bxc3 c5 6.e3 O-O 7.Bd3 Nc6 8.Ne2 b6
9.O-O Ba6 10.e4 Ne8 11.e5 Rc8 12.f4 cxd4 13.cxd4 Na5 14.d5 Bxc4 15.d6 f6
16.Be3 fxe5 17.fxe5 Rxf1+ 18.Kxf1 Nxd6 19.Bxh7+ Kxh7 20.Qxd6 Qh4 21.Rc1 Qxh2
{#R} 0-1

[Event "Ch Hungary (team) 2008/09"]
[Site "masterchessopen.com Hungary"]
[Date "2009.02.22"]
[Round "8"]
[White "Berczes David (HUN)"]
[Black "Csonka Attila (HUN)"]
[Result "1-0"]
[WhiteElo "2519"]
[BlackElo "2342"]

1.d4 Nf6 2.c4 e6 3.Nc3 Bb4 4.a3 Bxc3+ 5.bxc3 O-O 6.e3 c5 7.Bd3 Nc6 8.Ne2 b6
9.O-O Ba6 10.e4 Ne8 11.Ng3 Na5 12.f4 f6 13.f5 cxd4 14.cxd4 Bxc4 15.Bxc4 Nxc4
16.Rf4 Qe7 17.Rh4 Rf7 18.Qh5 h6 19.Qg6 Kh8 20.e5 Rc8 21.Ne4 Nxe5 22.dxe5 exf5
23.Bxh6 gxh6 24.exf6 Nxf6 25.Qxh6+ Nh7 26.Nd6 Rg7 27.Nxc8 Qc5+ 28.Kh1 Qxc8
29.Rc1 Qa8 30.Qd2 Kg8 31.Qa2+ d5 32.Rh6 Qd8 33.Rhc6 Nf8 34.Rc8 Qd6 35.Rd1 Re7
36.h3 Re5 37.Qb3 Kf7 38.Qg3 Ng6 39.Rdc1 Ne7 40.R1c7 Ke6 {#r} 1-0

[Event "It (cat.6)"]
[Site "masterchessopen.com Moscow (Russia)"]
[Date "2009.07.23"]
[Round "10"]
[White "Nagibin George (RUS)"]
[Black "Arustamian Artur (ARM)"]
[Result "1-0"]
[WhiteElo "2392"]
[BlackElo "2388"]

1.c4 e6 2.Nc3 Nf6 3.d4 Bb4 4.e3 O-O 5.Bd3 c5 6.a3 Bxc3+ 7.bxc3 Nc6 8.Ne2 b6
9.e4 Ne8 10.f4 Ba6 11.O-O f6 12.e5 cxd4 13.cxd4 Na5 14.Qc2 g6 15.Rf3 Rc8
16.Bxg6 f5 17.Bxe8 Rxc4 18.Qd1 Qxe8 19.a4 Kh8 20.Rg3 Rg8 21.Raa3 Qh5 22.Rxg8+
Kxg8 23.Rg3+ Kh8 24.Ba3 Nc6 25.Kh1 Rxd4 26.Qxd4 Nxd4 27.Be7 Qf7 28.Bf6+ Qxf6
29.exf6 Nxe2 30.Rg5 h6 31.f7 {#r} 1-0

[Event "Ch Brazil (1/2 final)"]
[Site "masterchessopen.com Vitoria (Brazil)"]
[Date "2009.11.02"]
[Round "6"]
[White "Nunes Allan Hurba (BRA)"]
[Black "Oliveira Silvio Eduardo (BRA)"]
[Result "0-1"]
[WhiteElo "1976"]
[BlackElo "2357"]

1.d4 Nf6 2.c4 e6 3.Nc3 Bb4 4.a3 Bxc3+ 5.bxc3 c5 6.e3 O-O 7.Bd3 Nc6 8.Ne2 b6
9.e4 Ne8 10.Be3 Ba6 11.Ng3 Nd6 12.e5 Nxc4 13.Qh5 g6 14.Qh6 f5 15.exf6 Qxf6
16.Ne4 Qh8 17.Bg5 d5 18.Qh3 Rf5 19.Ng3 Rxg5 20.Qxe6+ Kg7 21.Qd7+ Kh6 22.Bxc4
Qe8+ 23.Qxe8 Rxe8+ 24.Be2 cxd4 25.f4 Rxg3 26.hxg3+ Kg7 27.Ra2 Bc4 28.Rd2 dxc3
29.Rc2 Nd4 {#R} 0-1